[Event "World-ch Tournament"]
[Site "Mexico City"]
[Date "2007.09.24"]
[Round "10"]
[White "Kramnik, Vladimir"]
[Black "Anand, Viswanathan"]
[Result "1/2-1/2"]
[WhiteElo "2769"]
[BlackElo "2792"]
[Annotator "Rogozenco,D"]
[PlyCount "81"]
[EventDate "2007.09.13"]
[EventType "tourn"]
[EventRounds "14"]
[EventCountry "MEX"]
[EventCategory "21"]
[SourceTitle "CBM 120"]
[Source "ChessBase"]
[SourceDate "2007.10.02"]
[SourceVersion "1"]
[SourceVersionDate "2007.10.02"]
[SourceQuality "1"]

{At the moment when this game was played Anand was leading the tournament with
6 points out of 9, a full point ahead of Gelfand and 1,5 points ahead of
Kramnik. It was clear that this encounter represented practically Kramnik's
last chance to fight for maintaining his World Champion title.} 1. d4 d5 2. c4
c6 3. Nf3 Nf6 4. Nc3 e6 5. Bg5 h6 6. Bh4 {This aggressive set-up represents
White's most ambitious attempt to meet the Semi-Slav. Its drawback is that
unfortunately there is no clear way for advantage here: everywhere Black keeps
counterplay. Kramnik prepared a novelty for this highly important game, but it
didn't shake Anand's preparation: the position remained very complex.} dxc4 7.
e4 g5 8. Bg3 b5 9. Be2 Bb7 10. O-O ({For almost a decade Khalifman's} 10. h4 {
has been en vogue, but lately White often returns to the "old" 10.0-0.
Although in my opinion 10.h4 still remains White's most principled move, in
the latest games Black achieved good results after} g4 11. Ne5 Nbd7 $13) 10...
Nbd7 11. Ne5 Bg7 {Anand is confident and plays the main line, which he used
before as well.} ({In round 7 (four days previous to the present game) Gelfand
played against Kramnik} 11... h5 12. Nxd7 Qxd7 {and now instead of the
commonly established 13.Be5 Rh1 14.Qc1 the World Champion produced a novelty,
playing immediately} 13. Qc1 {which after} Rg8 14. Rd1 Bb4 15. Qe3 Qe7 {
Kramnik-Gelfand, Mexico City Wch 2007 (40) led to a position where the Israeli
GM had to show all his creativity in order to escape with a draw.}) 12. Nxd7
Nxd7 13. Bd6 a6 14. Bh5 ({Anand already faced in practice} 14. a4 {which after}
e5 15. Bg4 exd4 16. e5 c5 $1 {is established as good for Black.}) 14... Bf8 15.
Bxf8 Rxf8 16. e5 Qb6 17. b3 $146 {A logical novelty: anticipating opponent's
long castling White starts to open the queenside. Actually we are witnessing
the amazing homework of the world's best players. Kramnik's second in Mexico
Van Wely played this position with Black and might have felt that 17.b3 is the
right direction for White. On the other hand, Anand's second P-H Nielsen is
also a specialist of this opening line and (as revealed by Anand) during their
preparation process the Danish GM pointed out the move 17.b3. So Anand was
well prepared to meet it and continued to play very quickly.} (17. Ne4 O-O-O
18. Nd6+ Kb8 19. Nxf7 (19. b3 f6 20. bxc4 fxe5 $13 {1/2-1/2 Ernst,S (2504)-Van
Wely,L (2675)/Netherlands 2006 (51)}) 19... Rxf7 20. Bxf7 Nxe5 21. Qh5 Rxd4 22.
Bxe6 c5 $36 {0-1 Radjabov,T (2728)-Anand,V (2779)/Mainz (rapid) 2006 (36)})
17... O-O-O $5 {An immediate answer by Anand, which probably came as an
unpleasant surprise for Kramnik.} ({During their analysis both opponents must
have concluded that} 17... c5 {is dangerous for Black. In fact the advance of
the c-pawn is the most natural reaction and possibly Kramnik paid more
attention to 17...c5 than to 17...0-0-0.}) 18. bxc4 Nxe5 19. c5 Qa5 $1 {
In connection with the next move, an interesting exchange sacrifice.} (19...
Qc7 20. a4 $44) 20. Ne4 Qb4 (20... Nc4 {keeps the extra pawn, but due to the
passive bishop on b7 and potentially weak black king White has compensation.})
21. Nd6+ Rxd6 22. cxd6 Nd7 {Again Anand refrains from 22...Nc4, possibly
because of psychological reasons: if Kramnik achieved this position in his
preparation, he must have mainly looked at 22...Nc4. Up to this point White
spent 17 minutes and Black only 7! The entire idea to sacrifice the exchange
was prepared by Anand and his second Peter-Heine Nielsen at home. Considering
that it was Kramnik who introduced the novelty, such a deep preparation
impresses a lot. The next few moves are very important for both sides,
especially for White, who must find a constructive plan.} 23. a4 {In my
opinion this is a critical moment. The natural advance of the a-pawn is
perhaps too committing, since the exchange of the pawns on b5 (Anand will soon
force that) will offer Black advantages too: the bishop b7 will become active
and Black will remain with two passed pawns. If White cannot create an attack,
then maybe he should have refrained from 23.a4.} (23. Qd3 $5 {[%cal Gf1d1,
Ga1c1,Gd3h7]}) 23... Qxd6 {The position calmed down and it is time to evaluate
it. The material is approximately equal and both sides have their strategical
trumps. In the middlegame Black can create pressure on d4, while his queenside
pawns may prove very strong in the endgame. On the other hand the black king
is more vulnerable to almost any kind of further tactical complications.
Apparently in such an open position White should be able to coordinate his
rooks and create some threats, but this is extremely difficult to achieve: if
Black will succeed in finding an active and safe square for the knight, then
he can be optimistic about the future. White doesn't have many pieces left to
create big threats and the exchange of queens would be a catastrophe for him:
in the endgame Black will have a large advantage.} 24. Bf3 {Since the long
diagonal will soon be open, White can hardly avoid the exchange of bishops.} ({
In such an important game giving up another pawn with} 24. Qc2 {looks scary,
even if after} Qxd4 (24... Kb8 25. Qh7 $36) 25. axb5 axb5 26. Rfd1 $13 {
White has open files and diagonal for his active pieces.}) 24... Nb6 {Forcing
White to clarify the situation on the queenside.} 25. axb5 {White naturally
opens the position, but as mentioned already, Black can be happy too: now he
will remain with two potentially very strong passed pawns.} cxb5 (25... axb5 $2
{opens files only for opponent's pieces and is obviously weaker} 26. Qc2 $16)
26. Bxb7+ Kxb7 {After the exchange of the bishops White's future hopes are
mainly connected with creating pressure on the a-file.} 27. Qh5 {For the
moment White cannot do much on the a-file: the a6-pawn is difficult to attack 
(and easy to protect). Besides, Black has counterplay in the center against
pawn d4. Having realized that there is no direct attack on the queenside
Kramnik goes for opponent's weaknesses on the other wing.} (27. Qf3+ Nd5 $1 (
27... Qd5 28. Qf6 $36)) 27... Nd5 $5 {Anand didn't resist the temptation to
activate the knight.} ({After} 27... Qxd4 28. Qxh6 {(possibly White must try
something else here)} {Black can force the exchange of queens with} Rh8 29.
Qxg5 Qh4 $1 {Then after} 30. Qxh4 (30. Qe5 $2 Nc4 $17) 30... Rxh4 31. g3 Rh8 {
the endgame looks dangerous rather for White, in spite of his passed pawn on
the h-file.}) 28. Qxh6 Nf4 {Optically Black's plan looks very strong. However,
it is far from clear if Anand's move brings any benefits, since White defends
against concrete threats.} 29. Kh1 $1 {The correct way. White will have to
play f3 and therefore the king must stay on h1 in any case.} (29. Qxg5 $4 Ne2+
30. Kh1 Qxh2+ $1 31. Kxh2 Rh8+ {and mate}) (29. Rfe1 $4 Qd5 30. f3 Qxd4+ 31.
Kh1 Nd3 $19) 29... Qd5 30. f3 Rd8 {The rook finds the right place on d7: it
will be active on the d-file and at the same time protect f7 (and the entire
7th rank).} 31. Qg7 Rd7 ({Another reasonable possibility was to limit the
activity of White's queen by playing} 31... Qf5 {with different ideas to
exchange queens. E.g.} 32. Rfd1 Nh5 (32... Qg6 $2 33. Qe5 Qf5 34. Qe1 $16) 33.
Qh6 Nf4 {[%csl Rh6][%cal Gf5g6]} 34. Qg7 $11) 32. Qf8 {Kramnik finds and
wisely uses all the new resources of the position. He had to decide for his
queen between squares g8 and f8. In the first case the queen would have kept
an eye on pawn g5, while in the game White has the resource Qf8-a3. In such
cases players mainly rely on their intuition.} (32. Qg8 $5) 32... Ne2 $5 {
It is curious that a quarter of all Black's moves were made with this knight,
which always searches for a better square. With its last move the knight also
takes away square c1 from the rooks.} (32... Qd6 33. Qg8 $13 (33. Qg7 Qd5 $11 {
Anand})) (32... Qxd4 33. Rfc1 $36) 33. Rfe1 $1 Nxd4 (33... Qc4 $6 34. d5 $1 $16
{/\} exd5 $2 35. Qe8) 34. Red1 {The World Champion keeps the rook on the
a-file, still hoping for an attack.} ({Anand admitted that he was more afraid
of} 34. Rad1 {with pressure in the center. In both cases the position is some
sort of dynamic equality.}) 34... e5 {Black is just one step away from the
dream consolidation (...Qd6 and ...f6). However, as often happens in
double-edged positions, the direct way to achieve the goal rarely works out
smoothly.} (34... Qd6 $142 35. Qg7 Qf4 $13) 35. Rac1 {According to the plan,
although this turns out to be an inappropriate moment to remove the rook from
a1.} ({The extremely tense battle had its negative effects: both players missed
} 35. Qh6 {with a double attack on a6 and g5. Then after} Qd6 36. Qxg5 f6 {
(Anand's intention)} 37. Qg8 {things are no longer so rosy for Black: in
contrast to the game he runs into the risk of losing too.}) 35... Qd6 36. Qg8 (
36. Qc8+ Kb6 37. Ra1 a5 {(or even 37...Ra7) and White gets nowhere. With such
a strong knight Black has little to fear.}) 36... f6 37. Rc8 {In order to
justify his previous play White must do something against the black king.} a5
$1 {Finally the tension reaches its top. Black is very solid and Anand starts
showing his ambitions. Notice that the advance of the a-pawn is also a very
useful move from the defense's point of view: the black king gets additional
squares.} 38. h3 {A necessary loss of tempo.} (38. Rdc1 $2 Nc6 $1 {[%cal Gd6d1]
} 39. h3 Ne7 $19) 38... a4 39. Qe8 {Kramnik waits for Black's further pawn
advances, which would offer White additional targets for attack.} (39. Rdc1 Nb3
({The risky} 39... a3 {looks possible too, since after} 40. Ra8 Kb6 41. Qc8 {
[%cal Ga8a6] Black has} Rb7 {and after} 42. Rb1 {we have again a sort of
position where both players must keep the status quo.}) 40. Ra8 $1 Kb6 (40...
Rc7 $4 41. Qb8#) (40... Nxc1 $4 41. Qc8+ Kb6 42. Ra6#) 41. Qc8 Rb7 42. Rc3 $13
b4 $140 $2 43. Qc4 $18) 39... Kb6 {It turns out that White has a powerful
construction and Black cannot advance his pawns too far.} (39... a3 40. Ra8 Kb6
41. Qc8 Rb7 42. Rb1 Qc7 43. Qe8 $13 {/=}) 40. Rb8+ Ka5 (40... Rb7 41. Ra8 $11)
41. Ra8+ {With a draw offer accepted by Anand, who wisely decided not to take
any risk. Perhaps in a different tournament situation he could have considered
more seriously 41...Kb4, but objectively Black has little reason to continue.
Of course under the tournament circumstances this draw may be considered a
psychological victory for Anand. Nevertheless the game features a great fight
from both players, who showed impressive skills and were equally good.} 1/2-1/2

[Event "Gibraltar Masters 9th"]
[Site "Caleta"]
[Date "2011.02.01"]
[Round "8"]
[White "Ivanchuk, Vassily"]
[Black "Roiz, Michael"]
[Result "1-0"]
[WhiteElo "2764"]
[BlackElo "2649"]
[Annotator "Roiz,M"]
[PlyCount "81"]
[EventDate "2011.01.25"]
[EventType "swiss"]
[EventRounds "10"]
[EventCountry "GGB"]
[SourceTitle "CBM 141"]
[Source "ChessBase"]
[SourceDate "2011.03.17"]
[SourceVersion "1"]
[SourceVersionDate "2011.03.17"]
[SourceQuality "1"]

1. c4 c6 2. Nf3 d5 3. d4 Nf6 4. Nc3 e6 5. Qd3 $5 {Vassily has the most
flexible opening repertoire. This time he chooses a less common continuation,
which is gaining a lot of popularity nowadays.} Nbd7 ({The main line here is} 
5... dxc4 6. Qxc4 b5 7. Qd3 Nbd7 ({or} 7... a6)) 6. g3 ({Another way to handle
the opening is:} 6. e4 dxe4 7. Nxe4 Nxe4 8. Qxe4 Bb4+ 9. Bd2 Bxd2+ 10. Nxd2 O-O
11. O-O-O Qa5 12. Bd3 Nf6 13. Qh4 Qh5 14. Qxh5 Nxh5 15. g3 Rd8 16. Nf3 $14 {
1/2-1/2 Navara,D (2692)-Shirov,A (2730)/Novi Sad 2009/CBM 133 (44)}) 6... dxc4
$6 {The only game I knew was Aronian-Gelfand, so I just tried to follow it. At
the same time, that order of moves is inaccurate.} ({During the game I didn't
like} 6... Bd6 $142 7. c5 (7. Bg2 O-O 8. O-O dxc4 9. Qxc4 e5 10. Rd1 (10. Bg5
h6 11. Bxf6 Qxf6 12. Ne4 Qe7 13. Nxd6 Qxd6 14. Rad1 exd4 15. Qxd4 Qxd4 16. Nxd4
Nb6 $11 {1/2-1/2 Rabrenovic,V (2396)-Ratkovic,M (2132)/Obrenovac SRB 2010 (51)}
) 10... Qe7 11. Bg5 h6 12. Nh4 Nb6 $1 13. Bxf6 Qxf6 $6 (13... Nxc4 $1 14. Bxe7
$140 Bxe7 15. d5 Nxb2 16. Rdb1 Bb4 $1) 14. Qb3 $14 {1-0 Aronian,L (2783)
-Gelfand,B (2739)/Moscow 2010/CBM 139 (41) 1-0 Aronian,L (2783)-Gelfand,B 
(2739)/Moscow 2010/CBM 139 (41)}) 7... Bb8 8. e4 dxe4 9. Nxe4 {but after} O-O
10. Nxf6+ Nxf6 11. Bg2 $140 $2 e5 $1 $17 {Black is just doing fine.}) 7. Qxc4
Bd6 8. Bf4 $1 {That is the point! White is just on time to stop e6-e5.} (8. e4
e5) 8... Bxf4 $146 (8... Nb6 9. Qb3 Bxf4 10. gxf4 Nbd5 11. e3 Nxc3 12. bxc3 Qd5
13. Bg2 $14 {0-1 Kutynec,J-Knazovcik,L (2310)/Czechia 1996/EXT 2000 (35)}) (
8... Qc7 9. Bxd6 Qxd6 10. e4 (10. O-O-O b5) 10... e5 11. Rd1 exd4 12. Qxd4 Qxd4
13. Nxd4 $14 {leads to an unpleasant endgame.}) 9. gxf4 O-O {Black's position
remains quite solid,but White has a solid space advantage.} 10. Bg2 $6 {
In my opinion, this natural move is a serious inaccuracy, which allowed me to
equalise.} (10. Rg1 $142 $1 g6 11. e3 Qa5 12. a3 $14) 10... Nb6 11. Qd3 (11.
Qb3 Nbd5 12. e3 b6 13. O-O Bb7 $11) 11... Nbd5 12. e3 b6 {That is the point!
White cannot push the Nd5 away by e3-e4, so Black can simply complete his
development and neutralise the ''Catalan'' pressure of the Bg2.} 13. Ne5 Bb7
14. Ne4 (14. O-O Qe7 15. Rac1 Rac8 $11 {doesn't change much.}) 14... Qe7 15.
O-O Rac8 (15... Nxe4 16. Bxe4 g6 $11) 16. Rac1 Nxe4 17. Bxe4 g6 {At this
moment I was quite satisfied with my position. Unluckily, I noticed an
interesting tactical attempt to seize the initiative...} 18. a3 f6 ({Of course,
I should prefer} 18... Rfd8 19. Qe2 c5 20. dxc5 Rxc5 $11 {and Black has
nothing to worry about. More than that, White has to be careful, since his
king is more vulnerable.}) 19. Nf3 Nxf4 $6 {That was played rapidly, but my
evaluation was over-optimistic.} (19... Rfd8 20. Qe2 c5 21. dxc5 Rxc5 22. Rxc5
Qxc5 23. Rd1 $11) 20. exf4 f5 {The bishop is trapped. It looks like White has
a lot of weak pawns and the Bb7 is going to be so strong...} 21. Bxc6 ({
As I understand now, even after} 21. Bd5 $5 exd5 ({or} 21... cxd5 22. Qe3) 22.
Rce1 Qd6 23. Re5 $44 {White has full compensation.}) 21... Bxc6 22. Ne5 Bb7 23.
Qe3 {Only at this moment did I understand, that White is completely out of
risk. The Bb7 would be ineffective soon (after f2-f3), while the Kg8 is in
permanent danger.} Rfd8 {The first slight inaccuracy.} ({Better was} 23... Qd6
$142 24. f3 Rfd8 {forcing White to find} 25. Kf2 $1 (25. Kg2 Qxd4 26. Qxd4 Rxd4
27. Rxc8+ Bxc8 28. Rc1 Ba6 29. Rc7 Rd2+ 30. Kg3 Bf1 $11) 25... Qxd4 $140 26.
Qxd4 Rxd4 27. Rxc8+ Bxc8 28. Ke3 $14) 24. Rxc8 Rxc8 25. Rc1 {Black cannot keep
the rooks on the board.} Qd8 (25... Rxc1+ 26. Qxc1 Qd8 {was simpler.}) 26. Rc3
Qd6 27. f3 Rxc3 (27... Rd8 28. Kf2 {is pointless, since Black is not going to
take the pawn.}) 28. Qxc3 Qd8 {That was connected with a right idea, but
unfortunately I had a fear of ghosts...} 29. Kg2 Bd5 $6 ({It's not easy to
find out why did I reject the obvious} 29... g5 30. fxg5 Qxg5+ 31. Kh1 Qf4 $11
{and Black's activity should secure a draw.}) 30. Kg3 Kf8 $6 ({Still,} 30... g5
{was called for.}) 31. h4 {Now Black is tied to a passive defence. I had the
feeling that I can hold it by precise moves, but I failed to do it.} Kg7 32.
Qc2 Kf8 33. Qc1 Kg7 34. Qc3 {It looks like White is just waiting..., but
actually Vassily had a deep idea in mind!} Kg8 $6 {That is the most natural
move, especially if you have just a few minutes left on your clock.} ({At the
same time, it was better to keep the king closer to the centre} 34... Kf8 35.
a4 a5 36. b4 axb4 37. Qxb4+ Ke8 $11) 35. a4 $1 {Immediately exploiting my
passive play.} a5 {That is more or less forced.} ({In my opinion, if White
will push his pawns too far after} 35... Kg7 36. b4 Kg8 37. a5 Kg7 38. a6 Kg8
39. Kh3 Kg7 40. Qc1 $16 {[%csl Ra7][%cal Gh4h5] my situation becomes critical,
since most probably White's queen is going to penetrate Black's camp.}) 36. b4
axb4 $2 {I made this impulsive exchange immediately, but it was bad...} ({
It looks like} 36... Kg7 37. bxa5 bxa5 38. Qc5 Bb7 $1 {could save the game:}
39. Kg2 Kg8 40. Kh3 Kg7 41. h5 gxh5 42. Qa7 Qc7 $11 {and White cannot make any
progress.}) 37. Qxb4 {Suddenly Black simply loses a pawn.} Qc7 {What else?} 38.
Qb5 Kf8 $2 {The decisive mistake.} ({Having just less than a minute on my
clock, I failed to find} 38... Kg7 39. Qd7+ ({I would prefer to keep the
queens on the board:} 39. Qe8 $5 $16) 39... Qxd7 40. Nxd7 b5 $1 41. axb5 Kf7
$16 {and Black has some chances to survive, since his king is closer to the
Pb5.}) 39. Qxb6 $1 Qxb6 40. Nd7+ Ke7 41. Nxb6 {Finaly we have passed the time
control, but now the position is completely lost for Black, so I resigned.
Well, I was punished for a passive strategy!} ({The following variations may
explain my decision:} 41. Nxb6 Bb7 {the most stubborn} (41... Bc6 42. Kf2 Kd6
43. Ke3 Kc7 44. d5 $1 (44. a5 $6 Bd5 {is less convincing}) 44... exd5 45. a5
Kd6 46. Kd4 Bb7 47. Na4 $18) ({Unfortunately, there is no time to stabilise
the situation by} 41... h5 42. Nxd5+ exd5 43. Kf2 Kd6 44. Ke3 Kc6 45. Kd3 Kb6
46. Kc3 Ka5 47. Kb3 $18) 42. Kf2 Kd6 43. Ke3 Kc7 44. Nc4 (44. a5 Bd5) 44... Bc6
45. a5 Kb7 46. Ne5 Bd5 47. Nd7 Ka6 48. Nf8 h5 49. Nxg6 Kxa5 50. Nf8 Kb6 51. Nh7
Kc6 52. Nf6 Kd6 53. Nxh5 Ke7 54. Ng3 Kf6 55. Kd3 Bxf3 56. Kc4 Bd5+ 57. Kc5 $18)
1-0